Skip to main content
Your cart is empty.
Your lists
Log in to create your own lists
Your cookies
العربية
English
العربية
Home
Search
Advanced search
Authority search
About
The noble scholar, jurist, historian
His Excellency Dr. Abdul Wahhab bin Ibrahim Abu Sulaiman, may Allah have mercy on him.
He was born in Umm Al-Qura in the year 1356 AH.
Library catalog
Title
Author
Subject
ISBN
ISSN
Series
Call number
Log in to your account
×
Login:
Password:
Home
MARC view: السعادة ومطالب الإسلام في حب الصحابة الكرام، أو، الأدلة الواضحة في دحض مفتريات الرافضة /
Normal view
MARC view
ISBD view
السعادة ومطالب الإسلام في حب الصحابة الكرام، أو، الأدلة الواضحة في دحض مفتريات الرافضة / (Record no. 14587)
[
view plain
]
MARC details
000 -LEADER
fixed length control field
01419cam a22002891i 4500
003 - CONTROL NUMBER IDENTIFIER
control field
SA-RiAUC
005 - DATE AND TIME OF LATEST TRANSACTION
control field
20260315123307.0
008 - FIXED-LENGTH DATA ELEMENTS--GENERAL INFORMATION
fixed length control field
260120s19001999io g 000 0dara c
040 ## - CATALOGING SOURCE
Original cataloging agency
SA-RiAUC
Language of cataloging
ara
Transcribing agency
SA-RiAUC
082 04 - DEWEY DECIMAL CLASSIFICATION NUMBER
Classification number
239.9
Assigning agency
SA-RiAUC
090 ## - LOCALLY ASSIGNED LC-TYPE CALL NUMBER (OCLC); LOCAL CALL NUMBER (RLIN)
Classification number (OCLC) (R) ; Classification number, CALL (RLIN) (NR)
م ن 239.9
Local cutter number (OCLC) ; Book number/undivided call number, CALL (RLIN)
ق د س
100 1# - MAIN ENTRY--PERSONAL NAME
Personal name
قدس، محمد علي،
Dates associated with a name
1367 هجري-
Relator term
مؤلف.
245 12 - TITLE STATEMENT
Title
السعادة ومطالب الإسلام في حب الصحابة الكرام، أو، الأدلة الواضحة في دحض مفتريات الرافضة /
Statement of responsibility, etc.
بقلم محمد علي عبد الحميد قدس.
246 33 - VARYING FORM OF TITLE
Title proper/short title
الأدلة الواضحة في دحض مفتريات الرافضة
264 #1 - PRODUCTION, PUBLICATION, DISTRIBUTION, MANUFACTURE, AND COPYRIGHT NOTICE
Place of production, publication, distribution, manufacture
[مكان النشر غير محدد] :
Name of producer, publisher, distributor, manufacturer
[الناشر غير محدد]،
Date of production, publication, distribution, manufacture, or copyright notice
[بين 1900 و1999]
264 #3 - PRODUCTION, PUBLICATION, DISTRIBUTION, MANUFACTURE, AND COPYRIGHT NOTICE
Place of production, publication, distribution, manufacture
جاوة، إندونيسيا :
Name of producer, publisher, distributor, manufacturer
مطبعة بورو بودور فاسار بارو أوست
300 ## - PHYSICAL DESCRIPTION
Extent
99 صفحة ؛
Dimensions
29 سم
336 ## - CONTENT TYPE
Content type term
نص
Content type code
txt
Source
rdacontent
Materials specified
كتاب
337 ## - MEDIA TYPE
Media type term
بدون وسيط
Media type code
n
Source
rdamedia
338 ## - CARRIER TYPE
Carrier type term
مجلد
Carrier type code
nc
Source
rdacarrier
500 ## - GENERAL NOTE
General note
نسخة مصورة من الكتاب الأصل.
650 #7 - SUBJECT ADDED ENTRY--TOPICAL TERM
Topical term or geographic name entry element
الرافضية (فرقة إسلامية)
Source of heading or term
aucsh
650 #7 - SUBJECT ADDED ENTRY--TOPICAL TERM
Topical term or geographic name entry element
الصحابة والتابعون
General subdivision
دفع مطاعن
Source of heading or term
aucsh
650 #7 - SUBJECT ADDED ENTRY--TOPICAL TERM
Topical term or geographic name entry element
الصحابة والتابعون
General subdivision
فضائل
Source of heading or term
aucsh
942 ## - ADDED ENTRY ELEMENTS (KOHA)
Source of classification or shelving scheme
Dewey Decimal Classification
Koha item type
كتاب مصور نادر
Suppress in OPAC
No
949 ## - LOCAL PROCESSING INFORMATION (OCLC)
a
SA-JeALM
d
260120
u
mohamedma123
n
1
Holdings
Withdrawn status
Lost status
Source of classification or shelving scheme
Damaged status
Not for loan
Home library
Current library
Date acquired
Total checkouts
Full call number
Barcode
Date last seen
Price effective from
Koha item type
Dewey Decimal Classification
DR AbdElwahab Library
DR AbdElwahab Library
03/15/2026
م ن 239.9 ق د س
000023083
03/15/2026
03/15/2026
كتاب مصور نادر
Dewey Decimal Classification
DR AbdElwahab Library
DR AbdElwahab Library
03/16/2026
م ن 239.9 ق د س
000023153
03/16/2026
03/16/2026
كتاب مصور نادر
Place hold
Print
Add to your cart
(remove)
Save record
BIBTEX
Dublin Core
MARCXML
MARC (non-Unicode/MARC-8)
MARC (Unicode/UTF-8)
MARC (Unicode/UTF-8, Standard)
MODS (XML)
RIS
ISBD
More searches
Search for this title in:
Other Libraries (WorldCat)
Other Databases (Google Scholar)
Online Stores (Bookfinder.com)
Open Library (openlibrary.org)
Exporting to Dublin Core...
×
Simple DC-RDF
OAI-DC
SRW-DC